Art Mediums by Dachshunds Quiz Stats

 Plays Quiz Updated Mar 2, 2018

Challenge
Share
Tweet
Score 0/20 Timer 06:00
2 Plays Today
% Correct
Balloon
94.9%
LEGO
94%
Stained Glass
93.2%
Origami
92.4%
Metal
91.3%
Watercolors
91.1%
Tattoo
90.5%
Pen and Ink
90.4%
Mosaic Tile
89.9%
Hand Blown Glass
89.7%
% Correct
Quilted
89%
Wood
88.5%
Cardboard
87.7%
Cross Stitch
87%
Crochet
84.2%
Ceramic
82.9%
Plush
76.4%
Spray Paint
68.4%
Chalk
67.7%
Needle Felted
51.6%

You're not logged in!

Compare scores with friends on all Sporcle quizzes.
Join for Free
OR
Log In

You Might Also Like...

Show Comments

Extras

Top Quizzes Today


Score Distribution

Your Account Isn't Verified!

In order to create a playlist on Sporcle, you need to verify the email address you used during registration. Go to your Sporcle Settings to finish the process.

Report this User

Report this user for behavior that violates our Community Guidelines.

Details: